000 00620nam a2200205Ia 4500
005 20250508165210.0
008 008 250505s9999 xx 000 0 hin d
020 _a978-0-521-15203-7
037 _aDissertations
040 _aFEDL
_beng
_cFEDL
041 _ahin
_2eng
084 _a375.91, SAN/DI
_qFEDL
100 _aSanjeev Kumar
245 0 _aUchch prathmik ster per chhatron ki bhugol ki avadharnao ki samjh ka vishleshnatmak adhyayan
260 _c2012
300 _a65p.
546 _aM.Ed. Dissertation, (Delhi University)
942 _cDIS
_h375.91, SAN/DI
999 _c1393728
_d1393728